00501nam a2200169Ia 4500008004100000020001800041050001600059100001900075245003100094245002200125260001800147260001300165260000900178300001600187999001900203952010900222170918s9999 xx 000 0 und d a9789715185011 bL618ph 2011 aLeroux, Gaston 4aThe phantom of the opera / cby Gaston Leroux. aPhilippines : bLampara, c2011 a125 pages : c343455d343455 001040aSSISMbSSISMd2017-09-18l0oGS FIC L618ph 2011pSSISM2527r2017-09-18 00:00:00w2017-09-18yBK